Statistics for Utah Jazz NBA Finals Starters

Click here to take the quiz!

General Stats

  • This quiz has been taken 22 times
  • The average score is 4 of 6

Answer Stats

Finals Players % Correct
1997, 1998John Stockton
100%
1997, 1998Karl Malone
100%
1997, 1998Jeff Hornacek
81%
1997, 1998Byron Russell
71%
1997Greg Ostertag
52%
1998Adam Keefe
10%

Score Distribution

Percentile by Number Answered

Percent of People with Each Score

Your Score History

You have not taken this quiz